Distributed algorithms (Record no. 176674)

MARC details
000 -LEADER
fixed length control field 00448nam a2200157Ia 4500
008 - FIXED-LENGTH DATA ELEMENTS--GENERAL INFORMATION
fixed length control field 231217s9999 xx 000 0 und d
041 ## - LANGUAGE CODE
Language code of text/sound track or separate title English
082 ## - DEWEY DECIMAL CLASSIFICATION NUMBER
Classification number 005.276 LYN
100 ## - MAIN ENTRY--PERSONAL NAME
Personal name Lynch, Nancy AGray, Jim ed
245 #0 - TITLE STATEMENT
Title Distributed algorithms
260 ## - PUBLICATION, DISTRIBUTION, ETC.
Date of publication, distribution, etc. 1996
Name of publisher, distributor, etc. Morgan Kaufmann
Place of publication, distribution, etc. San Francisco
300 ## - PHYSICAL DESCRIPTION
Extent xxiii+872
400 ## - SERIES STATEMENT/ADDED ENTRY--PERSONAL NAME [OBSOLETE, CAN/MARC], [LOCAL, USA]
Personal name Morgan Kaufmann series in data management systems
650 ## - SUBJECT ADDED ENTRY--TOPICAL TERM
Topical term or geographic name entry element Distributed,algorithms
942 ## - ADDED ENTRY ELEMENTS (KOHA)
Koha item type Books
Holdings
Date last seen Total checkouts Full call number Accession number Cost, total (INR) price Price effective from Category Lost status Damaged status Department Withdrawn status Home library Current library Shelving location Entry date Vendor Cost, normal purchase price Grants Billnumber Billdate Currency symbol Conversion rate Discount Old discount
26/01/2024   005.276 LYN 39294 337.50 26/01/2024 Books     Central Library   Central Library Central Library Library Annex 08/12/2005 Gangarams books bureu 375.00 CS 778756 09/09/2004 RS 1 37.5 10

© For any Suggestions or Query, please contact the library staff @ librarian@pes.edu or Phone: +9180 2672 1983/ 2108.